|
|
|
|
| LEADER |
000000am a2200000 a 4500 |
| 001 |
70688 |
| 005 |
20230308162530.0 |
| 008 |
000000|1980 ||||||||r|||||||||||spa|| |
| 020 |
|
|
|a 9686085238
|
| 040 |
|
|
|b spa
|
| 041 |
0 |
|
|a Es
|
| 082 |
0 |
|
|a 742
|b R252p
|
| 100 |
1 |
|
|a Raya Moral, Baltazar
|9 35004
|
| 245 |
1 |
1 |
|a Perspectiva
|c Baltazar Raya Moral
|h impreso
|
| 264 |
|
|
|a Barcelona
|b Gustavo Gili
|c 1980
|
| 300 |
|
|
|a 137 páginas:
|b ilus.
|
| 650 |
1 |
|
|a Perspectiva
|9 13808
|
| 852 |
|
|
|a UC-CDJBV
|f Compra
|k mariana.quezada
|l 1
|m General
|p 00000000
|t 70688
|b 0
|d CDRC
|e CDRC
|g 742 R252p
|z 0000-00-00
|
| 942 |
|
|
|c BK
|
| 999 |
|
|
|c 18450
|d 18450
|